Proyecciones morales y cívicas / (Record no. 6080)
[ view plain ]
| 000 -CABECERA | |
|---|---|
| campo de control de longitud fija | 00754nam a2200241 a 4500 |
| 001 - NÚMERO DE CONTROL | |
| campo de control | 000006285 |
| 003 - IDENTIFICADOR DEL NÚMERO DE CONTROL | |
| campo de control | DO-SdBNP |
| 005 - FECHA Y HORA DE LA ÚLTIMA TRANSACCIÓN | |
| campo de control | 20260114121206.0 |
| 007 - CAMPO FIJO DE DESCRIPCIÓN FÍSICA--INFORMACIÓN GENERAL | |
| campo de control de longitud fija | ta |
| 008 - DATOS DE LONGITUD FIJA--INFORMACIÓN GENERAL | |
| campo de control de longitud fija | 090827s2005 dr r 000 0 spa d |
| 020 ## - NÚMERO INTERNACIONAL ESTÁNDAR DEL LIBRO | |
| Número Internacional Estándar del Libro | 9993439223 |
| 040 ## - FUENTE DE LA CATALOGACIÓN | |
| Centro catalogador/agencia de origen | DO-SdBNP |
| -- | spa |
| Centro/agencia transcriptor | BNPHU |
| 082 #4 - NÚMERO DE LA CLASIFICACIÓN DECIMAL DEWEY | |
| Número de clasificación | 372.832 |
| Número de documento/Ítem | S583p |
| Número de edición | 22 |
| 100 1# - ENTRADA PRINCIPAL--NOMBRE DE PERSONA | |
| Nombre de persona | Silié Gatón, Domingo, |
| 9 (RLIN) | 17549 |
| Fechas asociadas al nombre | 1923- |
| 245 10 - MENCIÓN DE TÍTULO | |
| Título | Proyecciones morales y cívicas / |
| Mención de responsabilidad, etc. | Domingo Silié Gatón ; prólogo José Rijo. |
| 260 ## - PUBLICACIÓN, DISTRIBUCIÓN, ETC. | |
| Lugar de publicación, distribución, etc. | Santo Domingo, : |
| Nombre del editor, distribuidor, etc. | Librería La Trinitaria, |
| Fecha de publicación, distribución, etc. | 2005. |
| 300 ## - DESCRIPCIÓN FÍSICA | |
| Extensión | 116 p. ; |
| Dimensiones | 22 cm. |
| 500 ## - NOTA GENERAL | |
| Nota general | Incluye datos biográficos del autor en la contracubierta |
| 650 #0 - PUNTO DE ACCESO ADICIONAL DE MATERIA--TÉRMINO DE MATERIA | |
| Término de materia o nombre geográfico como elemento de entrada | Educación cívica |
| 9 (RLIN) | 1206 |
| 650 #0 - PUNTO DE ACCESO ADICIONAL DE MATERIA--TÉRMINO DE MATERIA | |
| Término de materia o nombre geográfico como elemento de entrada | Ética |
| 9 (RLIN) | 509 |
| 700 1# - PUNTO DE ACCESO ADICIONAL--NOMBRE DE PERSONA | |
| Nombre de persona | Rijo, José, |
| Término indicativo de función/relación | pról. |
| 9 (RLIN) | 17550 |
| 942 ## - ELEMENTOS DE PUNTO DE ACCESO ADICIONAL (KOHA) | |
| Fuente del sistema de clasificación o colocación | Dewey Decimal Classification |
| Tipo de ítem Koha | Libro |
| Estado de retiro | Estado de pérdida | Fuente del sistema de clasificación o colocación | Restricciones de uso | No para préstamo | Código de colección | Localización permanente | Ubicación/localización actual | Ubicación en estantería | Fecha de adquisición | Fuente de adquisición | Signatura topográfica completa | Código de barras | Fecha visto por última vez | Número de copia | Precio válido a partir de | Tipo de ítem Koha |
|---|---|---|---|---|---|---|---|---|---|---|---|---|---|---|---|---|
| Dewey Decimal Classification | Préstamo en sala | Dominicana de Servicio | Biblioteca Nacional Pedro Henríquez Ureña | Biblioteca Nacional Pedro Henríquez Ureña | Depósito | 27.08.2009 | Depósito Legal | BNPHU DS 72.832 S583p | 6285-30 | 25.06.2020 | e. 3 | 25.06.2020 | Libro | |||
| Dewey Decimal Classification | Préstamo en sala | Dominicana de Servicio | Biblioteca Nacional Pedro Henríquez Ureña | Biblioteca Nacional Pedro Henríquez Ureña | Depósito | 27.08.2009 | BNPHU DS 72.832 S583p | 6285-40 | 25.06.2020 | e. 4 | 25.06.2020 | Libro | ||||
| Dewey Decimal Classification | Préstamo en sala | Dominicana de Servicio | Biblioteca Nacional Pedro Henríquez Ureña | Biblioteca Nacional Pedro Henríquez Ureña | Depósito | 27.08.2009 | BNPHU DS 372.832 S583p | 6285-50 | 25.06.2020 | e. 5 | 25.06.2020 | Libro | ||||
| Dewey Decimal Classification | Préstamo restringido | Patrimonio Dominicano | Biblioteca Nacional Pedro Henríquez Ureña | Biblioteca Nacional Pedro Henríquez Ureña | Depósito | 27.08.2009 | Depósito Legal | BNPHU PD 372.832 S583p | 6285-10 | 25.06.2020 | 25.06.2020 | Libro | ||||
| Dewey Decimal Classification | Préstamo restringido | Patrimonio Dominicano | Biblioteca Nacional Pedro Henríquez Ureña | Biblioteca Nacional Pedro Henríquez Ureña | Depósito | 27.08.2009 | Depósito Legal | BNPHU PD 372.832 S583p | 6285-20 | 25.06.2020 | e. 2 | 25.06.2020 | Libro |
